15 Largest Cities in Kyrgyzstan🇰🇬 - Statistics

General Stats
  • This quiz has been taken 32 times
  • The average score is 5 of 15
Answer Stats
Population City % Correct
900k Bishkek
100%
200k Osh
84%
75k Jalal-Abad
58%
52k Naryn
47%
70k Karakol
42%
63k Tokmok
42%
40k Balykchy
26%
35k Talas
26%
40k Uzgen
26%
20k Kant
21%
62k Kara-Balta
21%
27k Bazar-Korgon
5%
26k Iradan
0%
32k Kyzyl-Kyya
0%
23k Tash-Kumyr
0%
No matching quizzes found
Score Distribution
Percent of People with Each Score
Percentile by Number Answered
Your Score History
You have not taken this quiz